5 Países por una Palabra por continente - Estadísticas

Estadísticas generales
  • Esta prueba ha sido intentada 429 veces
  • La puntuación promedio es 18 de 30
Estadísticas de respuestas
Continente Pista País % Correcto
África Faraón Egipto
100%
Europa Napoleón Francia
95%
Europa Olimpiadas Grecia
93%
América del Sur Carnaval Brasil
89%
América del Sur Shakira Colombia
89%
América del Norte Yucatán México
85%
América del Norte Comunista Cuba
84%
Asia Fuji Japón
83%
América del Sur Cusco Perú
82%
América del Norte Reggae Jamaica
80%
África Lémur Madagascar
79%
América del Sur Atacama Chile
78%
Oceanía Auckland Nueva Zelanda
74%
América del Sur Neerlandés Surinam
73%
Asia Persa Irán
70%
Oceanía Outback Australia
59%
África Fez Marruecos
58%
África Zanzíbar Tanzania
54%
Asia Netanyahu Israel
49%
Europa Lucerna Suiza
41%
Asia Lágrima Sri Lanka
36%
América del Norte Barbanegra Bahamas
34%
Europa Magiar Hungría
32%
América del Norte Poutine Canadá
27%
África Amhárico Etiopía
27%
Oceanía Fosfato Nauru
24%
Oceanía Hindi Fiyi
22%
Asia Socotra Yemen
21%
Europa Kielbasa Polonia
15%
Oceanía Gilbert Kiribati
13%
No se encontraron pruebas coincidentes
Distribución de puntuación
Porcentaje de gente con cada puntuación
Porcentaje por número respondido
Historial de tus puntuaciones
No has intentado esta prueba.